000 00404nam a2200157Ia 4500
005 20250528013012.0
008 240331s9999 xx 000 0 und d
020 _a9789556523171
082 _bSEN
_a194
100 _aSenarathne,D
245 0 _aMadyawedaya saha neethiya
260 _aBorella
_bWijayasooriya pathaga pathanama
_c2007
300 _a120 p.,
500 _aA book of media & Law
942 _cL
999 _c5134
_d5134